Statistics for Biggest towns of Moray

Click here to take the quiz!

General Stats

  • This quiz has been taken 26 times
  • The average score is 7 of 10

Answer Stats

PopulationTown/village% Correct
24,930Elgin
100%
4,570Keith
94%
9,120Buckie
88%
9,890Forres
88%
1,770Fochabers
82%
6,790Lossiemouth
76%
1,580Dufftown
59%
1,880Burghead
47%
1,730Hopeman
41%
1,850Lhanbryde
41%

Score Distribution

Percentile by Number Answered

Percent of People with Each Score

Your Score History

You have not taken this quiz